Support for Green Business Development in Slovak Republic

Zhodnotenie a porovnanie stavu zeleného podnikania MSP na Slovensku a v krajinách V4 so zámerom poukázať na slabé stránky realizácie hodnoteného opatrenia, identifikáciu bariér a ďalšie možnosti rozvoja.

Na minha lista:
Detalhes bibliográficos
Autor principal: Repiská, Radka, 1996-
Formato: Capítulo de Livro
Idioma:inglês
Assuntos:
Tags: Adicionar Tag
Sem tags, seja o primeiro a adicionar uma tag!

MARC

LEADER 00000naa$a2200000$$$4500
001 0289678
005 20240502074435.8
041 0 |a eng 
044 |a SK 
245 1 0 |a Support for Green Business Development in Slovak Republic  |c Radka Repiská 
520 |a Zhodnotenie a porovnanie stavu zeleného podnikania MSP na Slovensku a v krajinách V4 so zámerom poukázať na slabé stránky realizácie hodnoteného opatrenia, identifikáciu bariér a ďalšie možnosti rozvoja. 
610 2 0 |a Slovensko 
610 2 0 |a ekonomika zelená 
610 2 0 |a podnik malý 
610 2 0 |a podnik stredný 
610 2 0 |a rozvoj hospodársky 
610 2 0 |a rozvoj podniku 
100 1 |a Repiská, Radka, 1996-